00713 a2200193 4500010001400000020002300014035001300037037001600050082000800066090001700074100002200091245005800113260004400171270009500215300004100310942002200351999001700373952012900390 aENG-89585 a8188661473c150.00 aEN-73118 bDBAD / PUB14a921 c11195d111951 aChandrasekhar, V.1 aMy fight back from death's door/cby V. Chandrasekhar aChennaibEastWest Books (Madras),c2006 a571, Poonamalle High Road, AminjikaraibChennaicTamil Nadue600029mewb@touchtelindia.net axi, 121p.:bb&w photosc20 cm. (Pbk) adplcENk921/ CHA c10889d10889 00102ddc40718NFICaDBADbDBADeDBAD/PUBg150.00l0o921pEN-73118r2008-09-15 00:00:00t1u11990v150.00w2008-09-15yEN